000
00323nam a2200133Ia 4500
008
231129s1996||||xx |||||||||||||| ||spa||
040
_b
spa
082
_a
215 C843c
100
_a
Cotúa Valdés José
245
0
_a
Ciencia y mística
260
_c
1996
264
_a
Barranquilla Colombia : Antillas
942
_2
ddc
_c
BKS
999
_c
6959
_d
6959